Normal view
MARC view
- Xanthaki, Helen
Entry Personal Name
001 - CONTROL NUMBER
- control field: 128343
003 - CONTROL NUMBER IDENTIFIER
- control field: NUST
005 - DATE AND TIME OF LATEST TRANSACTION
- control field: 20250315165313.0
008 - FIXED-LENGTH DATA ELEMENTS
- fixed length control field: 250315|| aca||aabn | a|a d
040 ## - CATALOGING SOURCE
- Original cataloging agency: NUST
- Transcribing agency: NUST
100 ## - HEADING--PERSONAL NAME
- Personal name: Xanthaki, Helen
670 ## - SOURCE DATA FOUND
- Source citation: Work cat.: (NUST)0: Xanthaki, Helen, author., Drafting legislation :
